000 00283nam a22001217a 4500
020 _a0-7506-1014-X
082 _a621 CAR'M
100 _aCARVILL, J
_967561
245 _aMECHANICAL ENGINEER'S DATA HANDBOOK
260 _aOXFORD
_bBUTTERWORTH
_c1993
300 _aX,342P
942 _cBK
999 _c575308
_d575308